000 00989 a2200229 4500
005 20260327150021.0
008 260327b |||||||| |||| 00| 0 eng d
020 _a9789391798956 (hbk)
037 _cTB
040 _aCRL
_cCRL
041 _2hin
_ahin
084 _a4:(D65,8(B):71) 152R2
_qCRL
100 _aचतुर्वेदी, जगदीश्वर
_9875794
245 _aवर्चुअल रियलिटी, साइबर संस्कृति और इंटरनेट
260 _aदिल्ली, भारत:
_bएकैडमिक पब्लिकेशन,
_c2022.
300 _a416पृ.
365 _b1495.00
_cINR
650 _aपत्रकारिता
650 _aइंटरनेट
_91132528
942 _cTB
_2CC
_h4:(D65,8(B):71) 152R2
999 _c1474550
_d1474550